Chceme kvalitné a chutné potraviny?

Potreba medzinárodnej harmonizácie v oblasti bezpečnosti potravín. Príprava normy ISO 22000- systému riadenia zdravotnej nezávadnosti potravín v celom dodávateľskom reťazci. Dobrovoľný štandard aplikovateľný pre všetky organizácie, ktoré sú súčasťou dodávateľského reťazca.

Guardado en:
Detalles Bibliográficos
Autor principal: Kusý, Daniel
Formato: Capítulo de libro
Lenguaje:eslovaco
Materias:
Etiquetas: Agregar Etiqueta
Sin Etiquetas, Sea el primero en etiquetar este registro!

MARC

LEADER 00000naa$a2200000$$$4500
001 0031102
005 20231009070440.9
041 0 |a slo 
044 |a SK 
245 1 0 |a Chceme kvalitné a chutné potraviny?  |c Daniel Kusý 
520 |a Potreba medzinárodnej harmonizácie v oblasti bezpečnosti potravín. Príprava normy ISO 22000- systému riadenia zdravotnej nezávadnosti potravín v celom dodávateľskom reťazci. Dobrovoľný štandard aplikovateľný pre všetky organizácie, ktoré sú súčasťou dodávateľského reťazca. 
610 2 0 |a potraviny 
610 2 0 |a bezpečnosť potravinová 
610 2 0 |a ochrana zdravia 
610 2 0 |a kvalita 
610 2 0 |a normalizácia 
610 2 0 |a normy ISO 
610 2 0 |a harmonizácia 
100 1 |a Kusý, Daniel